|
|
|
|
| LEADER |
00000cam a2200000M 4500 |
| 001 |
JSTOR_on1362865663 |
| 003 |
OCoLC |
| 005 |
20231005004200.0 |
| 006 |
m d |
| 007 |
cr ||||||||||| |
| 008 |
230127s2022 xx o ||| 0 spa d |
| 040 |
|
|
|a YDX
|b eng
|c YDX
|d JSTOR
|d EBLCP
|d DGITA
|d OCLCQ
|d OCLCF
|d OCLCQ
|
| 019 |
|
|
|a 1366112168
|
| 020 |
|
|
|a 8411228371
|q (electronic bk.)
|
| 020 |
|
|
|a 9788411228374
|q (electronic bk.)
|
| 035 |
|
|
|a (OCoLC)1362865663
|z (OCoLC)1366112168
|
| 037 |
|
|
|a 22573/ctv36d7xp1
|b JSTOR
|
| 050 |
|
4 |
|a D16.15
|
| 082 |
0 |
4 |
|a 901
|2 23/eng/20230127
|
| 049 |
|
|
|a UAMI
|
| 100 |
1 |
|
|a HERNANDEZ MARCOS, MAXIMILIANO;ESTAL SANCHEZ, HECTO.
|
| 245 |
1 |
0 |
|a Conceptos en disputa, disputas sobre conceptos
|h [electronic resource].
|
| 250 |
|
|
|a 1ST ED.
|
| 260 |
|
|
|a [S.l.] :
|b DYKINSON, S L,
|c 2022.
|
| 300 |
|
|
|a 1 online resource
|
| 505 |
0 |
|
|a Intro -- 2-oncina FINAL.pdf -- 3-bocardo FINAL -- 4-Martín FINAL -- 5-hernández marcos FINAL -- 6-fonnesu FINAL -- 7-rametta FINAL -- 8-pinna FINAL -- 9-müller FINAL -- 10-estal FINAL -- 11-picht FINAL -- 12-Jimmy Hernández FINAL -- 13-hereza modrego FINAL -- 14-schmieder FINAL
|
| 590 |
|
|
|a JSTOR
|b Books at JSTOR Demand Driven Acquisitions (DDA)
|
| 590 |
|
|
|a JSTOR
|b Books at JSTOR All Purchased
|
| 650 |
|
0 |
|a History
|x Philosophy.
|
| 650 |
|
0 |
|a Historiography.
|
| 650 |
|
0 |
|a Semantics, Historical.
|
| 650 |
|
0 |
|a History
|x Methodology.
|
| 650 |
|
0 |
|a Culture
|x Philosophy.
|
| 650 |
|
7 |
|a Culture
|x Philosophy.
|2 fast
|0 (OCoLC)fst00885075
|
| 650 |
|
7 |
|a Historiography.
|2 fast
|0 (OCoLC)fst00958221
|
| 650 |
|
7 |
|a History
|x Methodology.
|2 fast
|0 (OCoLC)fst00958259
|
| 650 |
|
7 |
|a History
|x Philosophy.
|2 fast
|0 (OCoLC)fst00958266
|
| 650 |
|
7 |
|a Semantics, Historical.
|2 fast
|0 (OCoLC)fst01112098
|
| 655 |
|
0 |
|a Electronic books.
|
| 856 |
4 |
0 |
|u https://jstor.uam.elogim.com/stable/10.2307/j.ctv36k5d98
|z Texto completo
|
| 938 |
|
|
|a Digitalia Publishing
|b DGIT
|n DIGDYK2461
|
| 938 |
|
|
|a ProQuest Ebook Central
|b EBLB
|n EBL30338124
|
| 938 |
|
|
|a YBP Library Services
|b YANK
|n 19286609
|
| 938 |
|
|
|a YBP Library Services
|b YANK
|n 19286609
|
| 994 |
|
|
|a 92
|b IZTAP
|